000 00720nam a2200229Ia 4500
003 OSt
005 20230721112135.0
008 210716s2002 xx 000 0 und d
020 _a8181284178
040 _cAIMIT LIBRARY
041 _aeng
082 _a339.3
_21
_bGANG
100 _aGandolfo, Giancarlo.
_9128033
245 _aInternational and open- economy macroeconomics /
_cBy Giancarlo Gandolfo.
260 _aNew York :
_bSpringer ,
_c2002.
300 _axxii,613p. ;
_bPB
_c22.5 cm.
650 _aInternational Finance
_9128034
651 _aExchange -rate regimes
_9128035
651 _aThe multiplier approach
_9128036
651 _aThe mundell -fleming model
_9128037
942 _2ddc
_cBK
_e1st
_k339.3 GANG
999 _c205353
_d205353